Un Templo en el aire /
Descripción Física:
Il·lustracions
Colección:
San Jorge,
; núm. 16 (octubre 1954), pàg 28-31
Otros Autores:
Català-Roca, Francesc, 1922-1998
Materias:
Gaudí, Antoni, -- 1852-1926 -- Influència
; Temple de la Sagrada Família (Barcelona, Catalunya)
; Modernisme (Arquitectura) -- Barcelona (Catalunya)
Idioma:
Español
MARC
| LEADER | 00000naa a2200000 a 4500 | ||
|---|---|---|---|
| 003 | Arxiu | ||
| 005 | 20260324181052.0 | ||
| 008 | 160829s1954 spcaxx s spa c | ||
| 040 | |a AGDB | ||
| 100 | |a Ulsamer, Federico |9 20282 | ||
| 245 | 1 | 3 | |a Un Templo en el aire / |c Federico Ulsamer |
| 300 | |b Il·lustracions | ||
| 490 | |a San Jorge, |v núm. 16 (octubre 1954), pàg 28-31 | ||
| 500 | |a Fotografies de Francesc Català Roca | ||
| 600 | 1 | 0 | |a Gaudí, Antoni, |d 1852-1926 |x Influència |9 54935 |
| 610 | 2 | 0 | |9 55071 |a Temple de la Sagrada Família (Barcelona, Catalunya) |
| 650 | 0 | |a Modernisme (Arquitectura) |z Barcelona (Catalunya) |9 38366 | |
| 700 | 1 | |9 26722 |a Català-Roca, Francesc, |d 1922-1998 |e fotografies | |
| 773 | |g Núm. 16 (octubre 1954), pàg 28-31 |t San Jorge. | ||
| 901 | |a Arxiu | ||
| 942 | |n 1 |2 udc |c ART | ||
| 952 | |0 0 |1 0 |4 0 |6 REV509 |7 1 |9 65024 |a Arxiu |b Arxiu |d 2023-01-11 |l 0 |o Rev-509 |r 2023-01-11 00:00:00 |w 2023-01-11 |y ARXIU |z També disponible a Rev-523 | ||
| 999 | |c 57091 |d 57091 | ||